000 01251nam a22002657a 4500
005 20240530110346.0
008 141207s1996 ua d gr 000 0 ara d
017 _a6534
_bمصر . دار الكتب المصرية
040 _aEG-CaGPL
082 0 4 _a020.05\
_bش ا
_221
245 0 2 _aالاتجاهات الحديثة فى المكتبات والمعلومات :
_bكتاب دورى يصدر مؤقتا مرتين فى السنة.
_nالمجلد الثالث ، العدد الخامس ( يناير 1996) /
_cرئيس التحرير شعبان عبدالعزيز خليفة ؛ مدير التحرير احمد امين.
260 _aالقاهرة :
_bالمكتبة الاكاديمية،
_c1996.
300 _a299 ص ؛
_c26 سم
650 0 4 _aالمكتبات
_xعلم
650 0 4 _aالخدمة المكتبية
650 0 4 _aشبكات المكتبات والمعلومات
650 0 4 _aالمكتبات
_xبرامج الحاسبات
650 0 4 _aالمعلومات
_xعلم
650 0 4 _aالمكتبات
_xفهارس
650 0 4 _aنظم المعلومات
700 0 _aاحمد امين
_eمحرر مشارك
700 0 _aشعبان عبدالعزيز
_eمحرر
942 _2ddc
_cBK
999 _c59980
_d59980